<?xml version="1.0" encoding="UTF-8"?>
<record
    xmlns:xsi="http://www.w3.org/2001/XMLSchema-instance"
    xsi:schemaLocation="http://www.loc.gov/MARC21/slim http://www.loc.gov/standards/marcxml/schema/MARC21slim.xsd"
    xmlns="http://www.loc.gov/MARC21/slim">

  <leader>02491nam0a2200421   4500</leader>
  <controlfield tag="001">RU\NLR\BIBL_A\016270657</controlfield>
  <controlfield tag="005">20230522175800.0</controlfield>
  <datafield tag="010" ind1=" " ind2=" ">
    <subfield code="a">978-5-04-107003-8</subfield>
    <subfield code="9">12000</subfield>
  </datafield>
  <datafield tag="021" ind1=" " ind2=" ">
    <subfield code="a">RU</subfield>
    <subfield code="b">&#x410;&#x41B;-&#x41F;-22-01183&#x438;</subfield>
    <subfield code="9">&#x410;&#x41B;-&#x41F;-22-0237</subfield>
  </datafield>
  <datafield tag="035" ind1=" " ind2=" ">
    <subfield code="a">(NLR Aleph) 016270657</subfield>
  </datafield>
  <datafield tag="035" ind1=" " ind2=" ">
    <subfield code="a">(RuMoRGB)011476860</subfield>
  </datafield>
  <datafield tag="090" ind1=" " ind2=" ">
    <subfield code="a">12885191</subfield>
    <subfield code="c">12885191</subfield>
  </datafield>
  <datafield tag="100" ind1=" " ind2=" ">
    <subfield code="a">20230127d2023    u  y0rusy50      ca</subfield>
  </datafield>
  <datafield tag="101" ind1="1" ind2=" ">
    <subfield code="a">rus</subfield>
    <subfield code="c">eng</subfield>
  </datafield>
  <datafield tag="102" ind1=" " ind2=" ">
    <subfield code="a">RU</subfield>
  </datafield>
  <datafield tag="105" ind1=" " ind2=" ">
    <subfield code="a">a   t   000ay</subfield>
  </datafield>
  <datafield tag="181" ind1=" " ind2="0">
    <subfield code="a">i1</subfield>
    <subfield code="b">axxe  </subfield>
  </datafield>
  <datafield tag="181" ind1=" " ind2="0">
    <subfield code="a">b3</subfield>
    <subfield code="b">ab2e  </subfield>
  </datafield>
  <datafield tag="182" ind1=" " ind2="0">
    <subfield code="a">n</subfield>
  </datafield>
  <datafield tag="200" ind1="1" ind2=" ">
    <subfield code="a">&#x421;&#x435;&#x440;&#x435;&#x431;&#x440;&#x44F;&#x43D;&#x44B;&#x435; &#x433;&#x43B;&#x430;&#x437;&#x430;</subfield>
    <subfield code="e">&#x433;&#x440;&#x430;&#x444;&#x438;&#x447;&#x435;&#x441;&#x43A;&#x438;&#x439; &#x440;&#x43E;&#x43C;&#x430;&#x43D;</subfield>
    <subfield code="f">&#x421;&#x43A;&#x43E;&#x442;&#x442; &#x41A;&#x43E;&#x443;&#x442;&#x43E;&#x43D;, &#x41A;&#x438;&#x440;&#x430; &#x411;&#x440;&#x438;&#x434;-&#x420;&#x430;&#x439;&#x441;&#x43B;&#x438;, &#x41A;&#x43B;&#x430;&#x443;&#x434;&#x438;&#x44F; &#x428;&#x440;&#x451;&#x434;&#x435;&#x440;</subfield>
    <subfield code="g">[&#x43F;&#x435;&#x440;&#x435;&#x432;&#x43E;&#x434; &#x441; &#x430;&#x43D;&#x433;&#x43B;&#x438;&#x439;&#x441;&#x43A;&#x43E;&#x433;&#x43E; &#x410;. &#x412;. &#x417;&#x430;&#x445;&#x430;&#x440;&#x43E;&#x432;&#x430;]</subfield>
  </datafield>
  <datafield tag="203" ind1=" " ind2=" ">
    <subfield code="a">&#x422;&#x435;&#x43A;&#x441;&#x442;</subfield>
    <subfield code="a">&#x418;&#x437;&#x43E;&#x431;&#x440;&#x430;&#x436;&#x435;&#x43D;&#x438;&#x435;</subfield>
    <subfield code="b">&#x432;&#x438;&#x437;&#x443;&#x430;&#x43B;&#x44C;&#x43D;&#x44B;&#x435;</subfield>
    <subfield code="c">&#x43D;&#x435;&#x43F;&#x43E;&#x441;&#x440;&#x435;&#x434;&#x441;&#x442;&#x432;&#x435;&#x43D;&#x43D;&#x44B;&#x435;</subfield>
  </datafield>
  <datafield tag="210" ind1=" " ind2=" ">
    <subfield code="a">&#x41C;&#x43E;&#x441;&#x43A;&#x432;&#x430;</subfield>
    <subfield code="c">&#x42D;&#x43A;&#x441;&#x43C;&#x43E;</subfield>
    <subfield code="d">2023 [&#x442;. &#x435;. 2022]</subfield>
  </datafield>
  <datafield tag="215" ind1=" " ind2=" ">
    <subfield code="a">183, [8] &#x441;.</subfield>
    <subfield code="c">&#x446;&#x432;. &#x438;&#x43B;.</subfield>
    <subfield code="d">23</subfield>
  </datafield>
  <datafield tag="225" ind1="1" ind2=" ">
    <subfield code="a">Five nights at freddy's</subfield>
  </datafield>
  <datafield tag="300" ind1=" " ind2=" ">
    <subfield code="a">&#x41A;&#x43D;. &#x444;&#x430;&#x43A;&#x442;&#x438;&#x447;&#x435;&#x441;&#x43A;&#x438; &#x438;&#x437;&#x434;. &#x432; 2022 &#x433;.</subfield>
  </datafield>
  <datafield tag="330" ind1=" " ind2=" ">
    <subfield code="a">&#x427;&#x430;&#x440;&#x43B;&#x438;, &#x434;&#x43E;&#x447;&#x44C; &#x432;&#x43B;&#x430;&#x434;&#x435;&#x43B;&#x44C;&#x446;&#x430; &#x43F;&#x438;&#x446;&#x446;&#x435;&#x440;&#x438;&#x438; "&#x423; &#x424;&#x440;&#x435;&#x434;&#x434;&#x438; &#x424;&#x430;&#x437;&#x431;&#x435;&#x440;&#x430;" &#x438; &#x441;&#x43E;&#x437;&#x434;&#x430;&#x442;&#x435;&#x43B;&#x44F; &#x430;&#x43D;&#x438;&#x43C;&#x430;&#x442;&#x440;&#x43E;&#x43D;&#x438;&#x43A;&#x43E;&#x432;, &#x43F;&#x43E;&#x441;&#x43B;&#x435; &#x43C;&#x43D;&#x43E;&#x433;&#x438;&#x445; &#x43B;&#x435;&#x442; &#x432;&#x43E;&#x437;&#x432;&#x440;&#x430;&#x449;&#x430;&#x435;&#x442;&#x441;&#x44F; &#x432; &#x440;&#x43E;&#x434;&#x43D;&#x43E;&#x439; &#x433;&#x43E;&#x440;&#x43E;&#x434;&#x43E;&#x43A;. &#x412;&#x441;&#x442;&#x440;&#x435;&#x447;&#x430; &#x441;&#x43E; &#x441;&#x442;&#x430;&#x440;&#x44B;&#x43C;&#x438; &#x434;&#x440;&#x443;&#x437;&#x44C;&#x44F;&#x43C;&#x438;, &#x432;&#x435;&#x441;&#x435;&#x43B;&#x44B;&#x435; (&#x430; &#x438;&#x43D;&#x43E;&#x433;&#x434;&#x430; &#x438; &#x43E;&#x447;&#x435;&#x43D;&#x44C; &#x441;&#x442;&#x440;&#x430;&#x448;&#x43D;&#x44B;&#x435;) &#x432;&#x43E;&#x441;&#x43F;&#x43E;&#x43C;&#x438;&#x43D;&#x430;&#x43D;&#x438;&#x44F;, &#x434;&#x430;&#x432;&#x43D;&#x438;&#x435; &#x43F;&#x43E;&#x437;&#x430;&#x431;&#x44B;&#x442;&#x44B;&#x435; &#x442;&#x430;&#x439;&#x43D;&#x44B;... &#x427;&#x430;&#x440;&#x43B;&#x438; &#x441; &#x434;&#x440;&#x443;&#x437;&#x44C;&#x44F;&#x43C;&#x438; &#x440;&#x435;&#x448;&#x430;&#x44E;&#x442; &#x435;&#x449;&#x451; &#x440;&#x430;&#x437;&#x43E;&#x43A; &#x441;&#x445;&#x43E;&#x434;&#x438;&#x442;&#x44C; &#x432; &#x437;&#x430;&#x431;&#x440;&#x43E;&#x448;&#x435;&#x43D;&#x43D;&#x443;&#x44E; &#x43F;&#x438;&#x446;&#x446;&#x435;&#x440;&#x438;&#x44E; &#x438; &#x432;&#x43D;&#x443;&#x442;&#x440;&#x438; &#x432;&#x441;&#x442;&#x440;&#x435;&#x447;&#x430;&#x44E;&#x442; &#x43D;&#x43E;&#x447;&#x43D;&#x43E;&#x433;&#x43E; &#x441;&#x442;&#x43E;&#x440;&#x43E;&#x436;&#x430;. &#x41D;&#x43E; &#x447;&#x442;&#x43E; &#x442;&#x430;&#x43C; &#x434;&#x435;&#x43B;&#x430;&#x442;&#x44C; &#x441;&#x442;&#x43E;&#x440;&#x43E;&#x436;&#x443;?! &#x420;&#x435;&#x431;&#x44F;&#x442;&#x430; &#x440;&#x435;&#x448;&#x430;&#x44E;&#x442; &#x43F;&#x43E;&#x43F;&#x440;&#x43E;&#x441;&#x438;&#x442;&#x44C; &#x435;&#x433;&#x43E; &#x43E; &#x43F;&#x43E;&#x43C;&#x43E;&#x449;&#x438;, &#x432;&#x435;&#x434;&#x44C; &#x43E;&#x43D; &#x43D;&#x430;&#x432;&#x435;&#x440;&#x43D;&#x44F;&#x43A;&#x430; &#x437;&#x43D;&#x430;&#x435;&#x442; &#x43E;&#x431; &#x44D;&#x442;&#x43E;&#x43C; &#x43F;&#x43E;&#x43C;&#x435;&#x449;&#x435;&#x43D;&#x438;&#x438; &#x432;&#x441;&#x451;. &#x41E;&#x434;&#x43D;&#x430;&#x43A;&#x43E; &#x43E;&#x43D;&#x438; &#x438; &#x43F;&#x43E;&#x434;&#x443;&#x43C;&#x430;&#x442;&#x44C; &#x43D;&#x435; &#x43C;&#x43E;&#x433;&#x43B;&#x438;, &#x447;&#x442;&#x43E; &#x438;&#x437; &#x43F;&#x438;&#x446;&#x446;&#x435;&#x440;&#x438;&#x438; &#x432;&#x435;&#x440;&#x43D;&#x443;&#x442;&#x441;&#x44F; &#x43D;&#x435; &#x432;&#x441;&#x435;..</subfield>
  </datafield>
  <datafield tag="333" ind1=" " ind2=" ">
    <subfield code="a">16+</subfield>
  </datafield>
  <datafield tag="686" ind1="0" ind2=" ">
    <subfield code="a">&#x428;9(7&#x421;&#x428;&#x410;)62-4</subfield>
  </datafield>
  <datafield tag="686" ind1="0" ind2=" ">
    <subfield code="a">&#x429;153(7&#x421;&#x428;&#x410;)6-475</subfield>
  </datafield>
  <datafield tag="700" ind1=" " ind2="1">
    <subfield code="a">&#x41A;&#x43E;&#x443;&#x442;&#x43E;&#x43D;</subfield>
    <subfield code="b">&#x421;.</subfield>
    <subfield code="f">1971-</subfield>
    <subfield code="g">&#x421;&#x43A;&#x43E;&#x442;&#x442;</subfield>
    <subfield code="3">RU\NLR\AUTH\770183427</subfield>
  </datafield>
  <datafield tag="701" ind1=" " ind2="1">
    <subfield code="a">&#x411;&#x440;&#x438;&#x434;-&#x420;&#x430;&#x439;&#x441;&#x43B;&#x438;</subfield>
    <subfield code="b">&#x41A;.</subfield>
    <subfield code="g">&#x41A;&#x438;&#x440;&#x430;</subfield>
    <subfield code="3">RU\NLR\AUTH\770183426</subfield>
  </datafield>
  <datafield tag="701" ind1=" " ind2="1">
    <subfield code="a">&#x428;&#x440;&#x451;&#x434;&#x435;&#x440;</subfield>
    <subfield code="b">&#x41A;.</subfield>
    <subfield code="g">&#x41A;&#x43B;&#x430;&#x443;&#x434;&#x438;&#x44F;</subfield>
  </datafield>
  <datafield tag="942" ind1=" " ind2=" ">
    <subfield code="c">BOOK</subfield>
  </datafield>
  <datafield tag="980" ind1=" " ind2=" ">
    <subfield code="a">NB</subfield>
  </datafield>
  <datafield tag="995" ind1=" " ind2=" ">
    <subfield code="5">2023-01-27</subfield>
    <subfield code="a">ad</subfield>
    <subfield code="b">NLR01</subfield>
    <subfield code="c">NLR01</subfield>
    <subfield code="e">RF81</subfield>
    <subfield code="f">1-4147207</subfield>
    <subfield code="k">2023-5/562</subfield>
    <subfield code="o">0</subfield>
    <subfield code="p">0.00</subfield>
    <subfield code="r">BOOK</subfield>
    <subfield code="s">20235562_</subfield>
  </datafield>
  <datafield tag="995" ind1=" " ind2=" ">
    <subfield code="5">2023-01-27</subfield>
    <subfield code="a">ad</subfield>
    <subfield code="b">NLR01</subfield>
    <subfield code="c">NLR01</subfield>
    <subfield code="e">OBM</subfield>
    <subfield code="f">1-4147214</subfield>
    <subfield code="o">0</subfield>
    <subfield code="p">0.00</subfield>
    <subfield code="r">BOOK</subfield>
  </datafield>
</record>
